000 00395nam a2200157Ia 4500
008 230524s9999 xx 000 0 und d
082 _a621.3827
_bFLO
100 _aJ.E.Flood
245 0 _a"Telecommunications Switching, Traffic & Networks"
250 _a1ST
260 _aNEW DELHI
_bPearson
_c2005
300 _a310
500 _aQuantity Number: 2
650 _aElectronics
942 _cBK
999 _c24820
_d24820